[Event "Maria Albulet Memorial 2017"]
[Site "Braila"]
[Date "2017.10.07"]
[Round "1"]
[White "Vorniceanu, Alina"]
[Black "Cosman, Andreea-Marioara"]
[Result "0-1"]
[WhiteElo "1498"]
[BlackElo "2125"]
[Annotator "TA"]
[PlyCount "60"]
[EventDate "2017.??.??"]
[EventCountry "ROU"]
[SourceTitle "playchess.com"]
[Source "ChessBase"]
[SourceQuality "1"]

{[%evp 9,60,-60,-45,-45,-32,-69,-40,-62,-56,-63,-55,-93,-91,-103,-86,-89,-90,-106,-53,-129,-114,-142,-131,-165,-159,-173,-184,-208,-191,-253,-217,-337,-337,-344,-347,-273,-274,-362,-355,-359,-350,-362,-221,-220,-213,-206,-204,-29990,-29991,-29991,-29992,-29992,-1613]} 1. e4 c5 2. Nc3 e6 3. g3 d5 4. exd5 (4. Bg2 dxe4 5. Nxe4 Nh6 6. Nf3 Nf5 7. O-O Be7 8. b3 O-O 9. Bb2 Nc6 10. d3 b6 11. Re1 Bb7 12. Nfd2 Qc7 13. Nc4 {1-0 (33) Mamedov,R (2688)-Grandelius,N (2643) Tallinn 2016}) 4... exd5 5. Qe2+ Be7 $1 6. Bg2 {B23: Closed Sicilian: Lines without g3} Nf6 7. Nf3 O-O 8. O-O {Black is slightly better.} Nc6 9. d3 Bg4 10. h3 Nd4 11. Qd1 Nxf3+ 12. Bxf3 Bxh3 13. Re1 Qd7 ({Black should try} 13... h6 $17) 14. Ne2 $146 ({Better is} 14. Bg5 $15) 14... Rfe8 15. Nf4 {[#]} Bf5 $1 {[%cal Bh3f5,Bf5g6,Bg6f7][%mdl 32]} 16. Kg2 d4 17. Rh1 Bd6 18. Nh5 Ng4 19. Qd2 (19. Kg1 {was worth a try.}) 19... Bg6 20. Qg5 (20. Bxg4 $142 Qxg4 21. Nf4) 20... Ne5 $19 21. Be4 f5 22. Bd5+ Nf7 {aiming for ...Re5.} 23. Qh4 Be7 24. Bxf7+ Bxf7 ({Don't take} 24... Kxf7 25. Qh3 $19) 25. Qh3 Qc6+ 26. Kg1 {[#] White wants to play Nxg7!} Bg6 $1 27. Nf4 Bg5 {( -> ...Re1+)} 28. Nxg6 $2 (28. Kf1 $19 Bxf4 29. Bxf4) 28... Re1+ {Black mates.} ({And not} 28... Qxg6 29. Bxg5 Re2 30. Bf4 $16) 29. Qf1 Rxf1+ 30. Kxf1 Qxh1+ {Precision: White = 22%, Black = 68%.} 0-1

[Event "Maria Albulet Memorial 2017"]
[Site "Braila"]
[Date "2017.10.08"]
[Round "2"]
[White "Doluhanova, Evgeniya"]
[Black "Babiy, Olga"]
[Result "1/2-1/2"]
[WhiteElo "2328"]
[BlackElo "2317"]
[Annotator "TA"]
[PlyCount "111"]
[EventDate "2017.??.??"]
[EventCountry "ROU"]
[SourceTitle "playchess.com"]
[Source "ChessBase"]
[SourceQuality "1"]

{[%evp 20,111,13,0,0,0,0,0,5,0,4,-12,-5,-6,12,0,8,0,0,-27,0,0,0,0,0,0,0,0,64,31,91,96,100,96,89,72,279,289,335,328,319,207,217,229,219,0,183,0,206,0,184,105,122,122,177,83,83,83,102,83,102,46,46,0,65,37,106,98,105,100,104,91,98,88,87,0,90,83,91,93,88,52,111,44,86,89,87,0,90,0,78,0,74,0]} 1. d4 Nf6 2. Bf4 e6 3. e3 b6 4. Nf3 Bb7 5. Nbd2 Be7 6. Bd3 c5 7. c3 cxd4 8. exd4 d6 9. O-O Nbd7 10. Qe2 O-O 11. Ne4 Nxe4 {A47: 1 d4 Nf6 2 Nf3 b6: Torre, London and Colle Systems} 12. Bxe4 Bxe4 13. Qxe4 a6 $146 {The position is equal.} ({Predecessor:} 13... Nf6 14. Qb7 Nd5 15. Bg3 Qc8 16. Qxc8 Rfxc8 17. Ne1 b5 18. Nd3 a5 19. a4 bxa4 20. Rxa4 Nb6 {0-1 (56) Bakre,T (2454)-Allahverdiyev,A (2435) Abu Dhabi 2006}) 14. a4 Qc8 15. h3 {[%cal Bh2h3,Bh3h4,Bh4h5][%mdl 32]} b5 16. Rfc1 d5 17. Qe2 Qc6 18. b3 Rfc8 19. h4 Nb6 {[%cal Rb5a4]} 20. Ne5 Qe8 {[%cal Rb5a4]} 21. axb5 axb5 22. Rxa8 Rxa8 23. h5 Ra3 (23... h6 $11) 24. Rb1 f6 {[#]} (24... h6 $1 $14) 25. Ng6 $1 $36 {[%mdl 2560] White is on the roll.} Bd8 (25... hxg6 26. Qxe6+) 26. Bd6 {[%cal Bf4d6,Bd6c5,Bc5b4][%mdl 32]} Ra6 27. Nf4 Nc8 $2 (27... Na8 $16 28. Bc5 Nc7) 28. Bc5 $18 Kf7 29. Re1 Qd7 30. Nd3 Ne7 31. Bb4 Bb6 32. Bc5 Bd8 $1 33. Bb4 Bb6 $1 34. Bc5 Bd8 $1 35. Nb4 (35. h6 $18) 35... Ra8 $16 36. Qd3 h6 (36... Kg8 $16) 37. Qf3 (37. Qh7 $18) 37... Nc6 38. Nd3 Bc7 39. Qg4 Re8 40. Qg6+ (40. f4 $16) 40... Kg8 $14 41. Qg4 Qf7 (41... Kf7 $1 $11) 42. f4 Ba5 ({Black should try} 42... Na5 $14) 43. b4 $16 Bc7 44. Ra1 Qd7 45. Ra6 Nb8 46. Ra7 {Bb6! is the strong threat.} Nc6 47. Ra6 Nb8 $1 {[%cal Rb8a6]} 48. Ra8 Nc6 49. Ra2 Qc8 50. Qg6 Rd8 (50... Ne7 $14 51. Qg3 Nf5) 51. Re2 ({Better is} 51. g3 $16) 51... Qd7 52. Qg4 Re8 53. Ra2 Qc8 $1 54. Re2 Qd7 55. Re1 (55. g3 $16) 55... Qc8 (55... Qf7 $11) 56. Re2 {Precision: White = 38%, Black = 50%.} (56. g3 $16) 1/2-1/2

[Event "Maria Albulet Memorial 2017"]
[Site "Braila"]
[Date "2017.10.08"]
[Round "2"]
[White "Rakhmangulova, Anastasiya"]
[Black "Makropoulou, Marina"]
[Result "1-0"]
[WhiteElo "2242"]
[BlackElo "2136"]
[Annotator "NA"]
[PlyCount "53"]
[EventDate "2017.??.??"]
[EventCountry "ROU"]
[SourceTitle "playchess.com"]
[Source "ChessBase"]
[SourceQuality "1"]
[TimeControl "40/5400+30:900+30"]

1. d4 {[%emt 0:00:00]} d5 {[%emt 0:00:18]} 2. Nf3 {[%emt 0:00:00]} Nf6 {[%emt 0:00:53]} 3. Bg5 {[%emt 0:00:00]} Ne4 {[%emt 0:01:17]} 4. Bh4 {[%emt 0:00:00]} c5 {[%emt 0:01:35]} 5. e3 {[%emt 0:00:04]} Qb6 {[%emt 0:01:57]} 6. Nc3 {[%emt 0:00:07]} Qa5 {[%emt 0:07:55]} 7. Bb5+ {[%emt 0:00:13]} Bd7 {[%emt 0:03:37]} (7... Nc6 $17) 8. Bxd7+ {[%emt 0:00:34]} Nxd7 {[%emt 0:00:10]} 9. O-O {[%emt 0:00:20]} Nxc3 $11 {[%emt 0:00:44]} 10. bxc3 {[%emt 0:02:05]} Qxc3 {[%emt 0:13:26]} 11. Rb1 {[%emt 0:03:45]} b6 {[%emt 0:01:45]} 12. Rb3 {[%emt 0:23:11]} Qa5 {[%emt 0:00:43]} 13. dxc5 {[%emt 0:08:35]} Qxc5 {[%emt 0:00:53]} 14. Rd3 {[%emt 0:03:37]} Nf6 {[%emt 0:22:37]} 15. Bxf6 {[%emt 0:11:37]} exf6 {[%emt 0:00:07]} 16. e4 {[%emt 0:17:01]} dxe4 {[%emt 0:04:33]} 17. Rd5 {[%emt 0:02:13]} Qc7 {[%emt 0:12:13]} 18. Qd4 {[%emt 0:00:55]} Be7 {[%emt 0:05:56]} 19. Qa4+ {[%emt 0:01:21]} Kf8 {[%emt 0:02:20]} 20. Rd7 {[%emt 0:06:42]} Qf4 {[%emt 0:06:46]} 21. Rfd1 {[%emt 0:04:05]} g6 {[%emt 0:01:04]} 22. Nd4 {[%emt 0:02:05]} Rc8 {[%emt 0:10:03]} 23. Qxa7 {[%emt 0:07:18]} Qe5 {[%emt 0:00:25]} 24. Re1 {[%emt 0:01:12]} f5 {[%emt 0:00:27]} 25. h4 {[%emt 0:03:59]} Qa5 {[%emt 0:00:04]} 26. Rxe7 {[%emt 0:00:46]} Qxe1+ {[%emt 0:00:26]} 27. Kh2 {[%emt 0:00:01]} 1-0

[Event "Maria Albulet Memorial 2017"]
[Site "Braila"]
[Date "2017.10.08"]
[Round "2"]
[White "Miladinovic, Lena"]
[Black "Djukic, Sandra"]
[Result "1/2-1/2"]
[WhiteElo "2138"]
[BlackElo "2084"]
[Annotator "NA"]
[PlyCount "30"]
[EventDate "2017.??.??"]
[EventCountry "ROU"]
[SourceTitle "playchess.com"]
[Source "ChessBase"]
[SourceQuality "1"]
[TimeControl "40/5400+30:900+30"]

1. d4 {[%emt 0:00:00]} Nf6 {[%emt 0:00:25]} 2. Nf3 {[%emt 0:00:00]} d5 {[%emt 0:00:14]} 3. e3 {[%emt 0:00:28]} c6 {[%emt 0:00:27]} 4. Bd3 {[%emt 0:00:57]} Bg4 {[%emt 0:00:22]} 5. O-O {[%emt 0:01:22]} e6 {[%emt 0:00:04]} 6. h3 {[%emt 0:00:07]} Bh5 {[%emt 0:00:08]} 7. b3 {[%emt 0:00:43]} Nbd7 {[%emt 0:00:07]} 8. Bb2 {[%emt 0:00:15]} Bd6 {[%emt 0:00:08]} 9. Nbd2 {[%emt 0:00:18]} O-O {[%emt 0:00:07]} 10. c4 {[%emt 0:00:49]} a5 {[%emt 0:03:51]} 11. Rc1 {[%emt 0:00:34]} Qe7 {[%emt 0:00:24]} 12. c5 {[%emt 0:01:29]} Bc7 {[%emt 0:00:16]} 13. Qc2 {[%emt 0:00:11]} e5 {[%emt 0:00:38]} 14. dxe5 {[%emt 0:00:10]} Nxe5 {[%emt 0:00:03]} 15. Nxe5 {[%emt 0:00:18]} Bxe5 {[%emt 0:00:04]} 1/2-1/2

[Event "Maria Albulet Memorial 2017"]
[Site "Braila"]
[Date "2017.10.08"]
[Round "2"]
[White "Cosman, Andreea-Marioara"]
[Black "Bulmaga, Irina"]
[Result "1/2-1/2"]
[WhiteElo "2125"]
[BlackElo "2423"]
[Annotator "TA"]
[PlyCount "166"]
[EventDate "2017.??.??"]
[EventCountry "ROU"]
[SourceTitle "playchess.com"]
[Source "ChessBase"]
[SourceQuality "1"]

{[%evp 22,166,0,0,11,6,30,-24,0,0,16,12,12,-25,-22,-18,-5,-14,-10,-30,0,0,0,-56,-29,-27,-22,-38,-33,-64,-60,-70,-72,-66,-72,-75,-65,-57,-35,-42,-42,-28,-40,-42,-18,-18,0,-38,-52,-48,-7,-9,-9,-24,0,-70,-62,-64,-65,-75,-68,-68,-67,-62,0,-14,-14,-12,-15,-163,-149,-127,-45,-46,0,0,12,0,82,81,88,0,143,67,120,29,33,33,191,48,58,47,41,0,0,0,44,0,0,0,0,-6,245,239,193,-166,-146,-154,-161,-352,-310,-409,-406,-392,-391,-338,-18,-12,-20,-198,0,0,0,0,0,0,0,-8,0,0,0,-8,-8,-8,-8,-8,-8,-8,-8,-8,-8,-8,-8,-8,0,-8,-8]} 1. d4 Nf6 2. c4 e6 3. Nc3 Bb4 4. e3 O-O 5. Nge2 d5 6. a3 Be7 7. Nf4 c6 8. Bd3 Nbd7 9. O-O {E46: Nimzo-Indian: Rubinstein: 4 e3 0-0 5 Ne2 without early Bd3} Bd6 10. cxd5 exd5 11. f3 (11. Bc2 a5 12. f3 Bb8 13. e4 Nb6 14. Kh1 Nh5 15. Nxh5 Qh4 16. f4 Bg4 {½-½ (41) Volkov,S (2627)-Tsydypov,Z (2528) Sochi 2017}) 11... Nb6 12. Bc2 {LiveBook: 4 Games} Re8 $146 ({Predecessor:} 12... Qc7 13. Qd3 g6 14. g3 Bxf4 15. gxf4 Nh5 16. b3 Bh3 17. Re1 {0-1 (39) Hermesmann,H (2328)-Knuth,H (2341) Germany 2014}) 13. e4 c5 14. Nfxd5 (14. dxc5 $142 Bxc5+ 15. Kh1) 14... Nbxd5 15. exd5 cxd4 16. Qxd4 Be5 17. Qc4 Bd7 18. Qd3 Rc8 19. Kh1 a6 {White must now prevent ...Bxc3.} 20. a4 Qc7 {[%cal Re5c3]} 21. Bd2 g6 22. d6 (22. Bb3 $11) 22... Qxd6 23. Qxd6 Bxd6 24. Bg5 Be5 25. Rac1 Kg7 26. Bb3 Be6 27. Bxe6 Rxe6 28. Rfd1 h6 29. Bd2 Rec6 30. g3 Rc4 31. Re1 Bd4 32. Rcd1 g5 33. Re7 R8c7 34. Rde1 Kg6 35. Kg2 b6 {next ...Rxe7 is good for Black.} 36. Rxc7 Rxc7 37. Ra1 Nd7 38. Kf1 (38. Rd1 $11) 38... Ne5 $15 39. Ke2 Nc4 40. Kd3 Bf6 41. Bc1 Ne5+ 42. Ke2 Bg7 (42... Rc6 $15) 43. Ra3 Nc6 44. Be3 Nd4+ 45. Kd3 (45. Bxd4 $1 $11 Bxd4 46. Kd3) 45... Nxf3 $19 46. Bxb6 Rb7 (46... Rd7+ $17 47. Ke2 Bf8) 47. a5 $15 Ne5+ 48. Kc2 Nc4 49. Rb3 Rd7 (49... Kf5 $11 {remains equal.}) 50. Rb4 $16 Ne5 51. Rd4 (51. Bc5 $1 $16) 51... Re7 (51... Rxd4 $1 $11 52. Bxd4 Nc6 53. Bxg7 Kxg7) 52. Rd6+ ({Better is} 52. Nd5 $16 Rb7 53. Nc7) 52... Kf5 $14 53. Kb3 ({White should play} 53. b4 $1 $16) 53... Nf3 $11 54. h3 {g4+ is the strong threat.} Re6 $2 (54... h5 $14) 55. Rd5+ ({White must play} 55. g4+ $18 Kf4 56. Nd5+ Kg3 57. Rxe6 fxe6 58. Nc7) 55... Kg6 $14 56. Na4 Re2 57. Kc4 Re4+ 58. Kb3 Re2 59. Kc4 Ne5+ 60. Kb3 Rg2 61. Rd6+ Kf5 $2 {[%mdl 8192]} (61... Kh7 $11) 62. g4+ $18 Kf4 63. Nc3 $4 {[%mdl 8192] [#]} (63. Bd4 $18) 63... Rxb2+ $1 $19 {[%mdl 512]} 64. Kxb2 Nc4+ 65. Kb3 $2 (65. Kc2 {was forced.} Nxd6 66. Bc7) 65... Nxd6 {[%mdl 4096] Endgame KBN-KBN} 66. Nd5+ Kg3 $1 67. Bc7 Be5 68. Nb4 {[#]} Kxh3 $2 ({Black should try} 68... Nc4 $1 $19 {[%cal Rc4d2][%mdl 512]} 69. Bxe5+ (69. Kxc4 Bxc7) 69... Nxe5) 69. Nxa6 $11 Kxg4 {aiming for ...Kf5.} 70. Nb8 $2 {[#]} (70. Nb4 $11 {and White is okay.} Nb7 71. Bxe5) 70... f6 $2 (70... Nc4 $1 $19 {[%mdl 512]} 71. Bxe5 (71. Kxc4 Bxc7) 71... Nxa5+ 72. Kb4 f5 73. Kxa5 f4) 71. Nd7 {The position is equal.} Nc8 72. Nxe5+ fxe5 73. Bxe5 {KB-KN} Kf5 74. Bc7 h5 {Strongly threatening ...g4.} 75. Kc4 Ke6 76. a6 Kd7 77. Be5 Kc6 78. Kd4 h4 79. Ke4 Ne7 80. a7 Kb7 81. Kf3 h3 82. Kg4 Ng6 83. Bh2 Kxa7 {Precision: White = 39%, Black = 49%.} 1/2-1/2

[Event "Maria Albulet Memorial 2017"]
[Site "Braila"]
[Date "2017.10.08"]
[Round "2"]
[White "Aciu, Malina-Andreea"]
[Black "Nastase, Andreea-Cristina"]
[Result "0-1"]
[WhiteElo "2006"]
[BlackElo "1989"]
[Annotator "NA"]
[PlyCount "140"]
[EventDate "2017.??.??"]
[EventCountry "ROU"]
[SourceTitle "playchess.com"]
[Source "ChessBase"]
[SourceQuality "1"]
[TimeControl "40/5400+30:900+30"]

1. e4 {[%emt 0:00:00]} c5 {[%emt 0:00:05]} 2. c3 {[%emt 0:00:00]} Nf6 {[%emt 0:00:06]} 3. e5 {[%emt 0:00:00]} Nd5 {[%emt 0:00:03]} 4. d4 {[%emt 0:00:00]} cxd4 {[%emt 0:00:04]} 5. Nf3 {[%emt 0:00:00]} e6 {[%emt 0:00:04]} 6. cxd4 {[%emt 0:00:02]} b6 {[%emt 0:01:50]} 7. Nc3 {[%emt 0:00:05]} Bb7 {[%emt 0:00:05]} 8. Bd2 {[%emt 0:00:28] B22: Sicilian: 2 c3} (8. Bd3 Na6 9. Nxd5 Bxd5 10. Bxa6 b5 11. O-O Qb6 12. Bxb5 Qxb5 13. Ng5 h6 14. Nh3 Be7 15. Nf4 Bb7 16. Qg4 {½-½ (46) Savchenko,B (2608)-Popov,I (2627) Moscow 2014}) 8... d6 {[%emt 0:01:10]} 9. Bb5+ {[%emt 0:14:15]} Nd7 {[%emt 0:01:47]} 10. Ne4 {[%emt 0:04:59]} a6 {[%emt 0:04:50]} 11. Bg5 {[%emt 0:03:16]} f6 {[%emt 0:02:42]} 12. exf6 $146 {[%emt 0:06:32]} ({Predecessor:} 12. Bxd7+ Qxd7 13. exf6 h6 14. Bh4 Nf4 15. fxg7 Bxg7 {0-1 (58) Holzhaeuer,M (2330)-Costa,J (2425) Germany 1995}) 12... N5xf6 {[%emt 0:03:32]} 13. Bxf6 {[%emt 0:15:01]} gxf6 {[%emt 0:00:40]} 14. Bd3 {[%emt 0:00:20]} Rg8 {[%emt 0:13:22]} 15. O-O {[%emt 0:02:47]} f5 {[%emt 0:01:16]} 16. Ned2 {[%emt 0:05:18]} Qf6 {[%emt 0:07:25]} 17. Re1 {[%emt 0:05:08]} Bd5 {[%emt 0:14:55]} 18. Nc4 {[%emt 0:05:47]} f4 {[%emt 0:15:38]} 19. Rc1 {[%emt 0:12:41]} Qg7 {[%emt 0:01:52]} 20. Bf1 {[%emt 0:00:29]} Qg4 {[%emt 0:04:56]} 21. Ncd2 {[%emt 0:02:25]} Ke7 {[%emt 0:06:55]} 22. g3 {[%emt 0:02:41]} fxg3 {[%emt 0:00:22]} 23. hxg3 {[%emt 0:01:51]} Bh6 {[%emt 0:00:35]} 24. Bg2 {[%emt 0:00:47]} Raf8 {[%emt 0:04:12]} 25. Rc3 {[%emt 0:03:36]} Bxd2 {[%emt 0:01:04]} 26. Nxd2 {[%emt 0:00:47]} Qxd4 {[%emt 0:00:23]} 27. Qe2 {[%emt 0:00:28]} Nc5 {[%emt 0:03:08]} 28. Nb3 {[%emt 0:02:10]} Bxb3 {[%emt 0:03:53]} 29. Rxb3 {[%emt 0:00:35]} Rf6 {[%emt 0:01:07]} 30. Rxb6 {[%emt 0:04:06]} Rxg3 {[%emt 0:01:12]} 31. Rd1 {[%emt 0:03:28]} Rxf2 {[%emt 0:00:07]} 32. Qxf2 {[%emt 0:00:12]} Qxd1+ {[%emt 0:00:04]} 33. Kh2 {[%emt 0:00:05]} Rg5 {[%emt 0:01:24]} 34. Bf3 {[%emt 0:01:53]} Qc1 {[%emt 0:03:23]} 35. Rb4 {[%emt 0:00:35]} a5 {[%emt 0:01:05]} 36. Rh4 {[%emt 0:00:55]} Rg7 {[%emt 0:01:17]} 37. a3 {[%emt 0:00:52]} Qg5 {[%emt 0:00:45]} 38. b4 {[%emt 0:01:06]} axb4 {[%emt 0:00:49]} 39. axb4 {[%emt 0:00:34]} Qe5+ {[%emt 0:00:10]} 40. Kh1 {[%emt 0:00:00]} Qa1+ {[%emt 0:00:45]} 41. Kh2 {[%emt 0:00:00]} Nd3 {[%emt 0:00:24]} 42. Qe3 {[%emt 0:04:17]} Qb2+ {[%emt 0:00:22]} 43. Be2 {[%emt 0:01:22]} Qe5+ {[%emt 0:00:59]} ({Worse is} 43... Nxb4 44. Qa7+ Ke8 45. Qb8+ Ke7 46. Qb7+ Kd8 47. Qb8+ Ke7 48. Qb7+ Kd8 49. Qb8+ Ke7 $11) 44. Qxe5 {[%emt 0:00:10]} Nxe5 {[%emt 0:00:02]} 45. b5 {[%emt 0:00:22]} d5 {[%emt 0:03:19]} 46. b6 {[%emt 0:01:19]} Kd6 {[%emt 0:01:09]} 47. Rb4 {[%emt 0:00:21]} Rb7 {[%emt 0:00:16]} 48. Ba6 {[%emt 0:00:10]} Rb8 {[%emt 0:00:02]} 49. b7 {[%emt 0:01:17]} Nd7 {[%emt 0:00:11]} 50. Bd3 {[%emt 0:00:31]} h6 {[%emt 0:01:25]} 51. Rh4 {[%emt 0:01:54]} Rxb7 {[%emt 0:00:07]} 52. Rxh6 {[%emt 0:00:07]} Rb2+ {[%emt 0:00:01]} 53. Kg1 {[%emt 0:00:18]} Nc5 {[%emt 0:00:05]} 54. Bf1 {[%emt 0:00:14]} Rb1 {[%emt 0:00:39]} 55. Kf2 {[%emt 0:00:32]} Ne4+ {[%emt 0:00:19]} 56. Kg2 {[%emt 0:00:14]} Rb2+ {[%emt 0:00:47]} 57. Kg1 $1 $11 {[%emt 0:00:10] und Weiss ist OK.} Ng5 {[%emt 0:01:41]} (57... Ke5 58. Bh3) 58. Bg2 {[%emt 0:00:24]} Ne4 $2 {[%emt 0:02:26]} (58... Ke5 $19 59. Rh4 Nf7) 59. Bxe4 $2 {[%emt 0:01:09]} dxe4 {[%emt 0:00:03]} 60. Kf1 {[%emt 0:00:17]} Kd5 {[%emt 0:00:23]} 61. Rh8 {[%emt 0:00:06]} e3 {[%emt 0:00:24]} 62. Rd8+ {[%emt 0:00:15]} Ke4 {[%emt 0:00:07]} 63. Re8 {[%emt 0:00:05]} e5 {[%emt 0:00:28]} 64. Re7 {[%emt 0:00:13]} Rf2+ {[%emt 0:00:12]} 65. Ke1 {[%emt 0:00:07]} Ra2 {[%emt 0:01:02]} 66. Kd1 $2 {[%emt 0:00:27]} (66. Re8 $19) 66... e2+ {[%emt 0:00:11]} 67. Ke1 {[%emt 0:00:05]} Kf3 {[%emt 0:00:10]} 68. Rxe5 {[%emt 0:00:24]} (68. Rf7+ $11 Ke4 69. Rb7) 68... Ra1+ {[%emt 0:00:06]} 69. Kd2 {[%emt 0:00:04]} Rd1+ {[%emt 0:00:04]} 70. Kc2 {[%emt 0:00:30]} e1=Q {[%emt 0:00:05]} 0-1

[Event "Maria Albulet Memorial 2017"]
[Site "Braila"]
[Date "2017.10.08"]
[Round "2"]
[White "Didiliuc, Dariana-Gabriela"]
[Black "Petrenko, Svetlana"]
[Result "0-1"]
[WhiteElo "1779"]
[BlackElo "2140"]
[Annotator "ChessBase"]
[PlyCount "92"]
[EventDate "2017.??.??"]
[EventCountry "ROU"]
[SourceTitle "playchess.com"]
[Source "ChessBase"]
[SourceQuality "1"]
[TimeControl "40/5400+30:900+30"]

1. d4 {[%emt 0:00:00]} Nf6 {[%emt 0:00:33]} 2. c4 {[%emt 0:00:00]} c5 {[%emt 0:00:19]} 3. d5 {[%emt 0:00:20]} e6 {[%emt 0:00:18]} 4. Nc3 {[%emt 0:00:25]} exd5 {[%emt 0:00:17]} 5. cxd5 {[%emt 0:00:08]} d6 {[%emt 0:00:03]} 6. e4 {[%emt 0:00:13]} g6 {[%emt 0:00:27]} 7. f4 {[%emt 0:00:40]} Qe7 {[%emt 0:03:10]} 8. Bb5+ {[%emt 0:09:28]} Nfd7 {[%emt 0:04:40]} 9. Be2 {[%emt 0:05:38]} a6 {[%emt 0:02:56]} 10. a4 {[%emt 0:01:07]} Bg7 {[%emt 0:00:59]} 11. Nf3 {[%emt 0:14:09]} O-O {[%emt 0:17:23]} 12. O-O {[%emt 0:02:05]} f6 {[%emt 0:05:01]} 13. Nd2 {[%emt 0:11:54]} b6 {[%emt 0:08:29]} 14. Nc4 {[%emt 0:03:40]} Ra7 {[%emt 0:02:23]} 15. Qb3 {[%emt 0:03:33]} Rb7 {[%emt 0:00:22]} 16. e5 {[%emt 0:13:17]} dxe5 {[%emt 0:05:28]} 17. Bf3 {[%emt 0:11:34]} Kh8 {[%emt 0:01:50]} 18. d6 {[%emt 0:01:42]} Qe6 {[%emt 0:06:58]} 19. Bd5 {[%emt 0:05:11]} Qg4 {[%emt 0:02:09]} 20. Ne3 {[%emt 0:01:28]} Qh5 {[%emt 0:08:02]} 21. Bf3 {[%emt 0:00:31]} Qh6 {[%emt 0:01:40]} 22. Ng4 {[%emt 0:00:35]} Qh4 {[%emt 0:01:35]} 23. g3 {[%emt 0:01:06]} Qh3 {[%emt 0:01:04]} 24. Ne4 {[%emt 0:03:43]} Nc6 {[%emt 0:04:55]} 25. Bd1 {[%emt 0:05:03]} Nd4 {[%emt 0:03:19]} 26. Qd3 {[%emt 0:00:50]} exf4 {[%emt 0:05:55]} 27. Bxf4 {[%emt 0:00:38]} Ne6 {[%emt 0:11:14]} 28. Bd2 {[%emt 0:01:40]} f5 {[%emt 0:00:45]} 29. Nef2 {[%emt 0:00:17]} Qxf1+ {[%emt 0:01:28]} 30. Qxf1 {[%emt 0:00:39]} fxg4 {[%emt 0:00:02]} 31. Bxg4 {[%emt 0:00:50]} Ne5 {[%emt 0:00:14]} 32. Qd1 {[%emt 0:01:28]} Rbf7 {[%emt 0:01:13]} 33. Be1 {[%emt 0:01:19]} Nxg4 {[%emt 0:00:29]} 34. Nxg4 {[%emt 0:00:09]} Rf1+ {[%emt 0:00:47]} 35. Kg2 {[%emt 0:00:06]} Bb7+ {[%emt 0:00:09]} 36. Kh3 {[%emt 0:00:07]} Ng5+ {[%emt 0:00:17]} 37. Kh4 {[%emt 0:00:08]} Nf3+ {[%emt 0:00:13]} 38. Kh3 {[%emt 0:00:12]} Ng1+ {[%emt 0:01:07]} 39. Kh4 {[%emt 0:00:06]} Nf3+ {[%emt 0:00:35]} 40. Kh3 {[%emt 0:00:00]} g5 {[%emt 0:00:47]} 41. Bf2 {[%emt 0:03:37]} Rxd1 {[%emt 0:02:36]} 42. Rxd1 {[%emt 0:00:05]} h5 {[%emt 0:02:02]} 43. d7 {[%emt 0:00:54]} hxg4+ {[%emt 0:01:31]} 44. Kxg4 {[%emt 0:00:07]} Ne5+ {[%emt 0:05:51]} 45. Kxg5 {[%emt 0:01:31]} Rd8 {[%emt 0:00:26]} 46. Rd6 {[%emt 0:00:48]} Nf7+ {[%emt 0:00:22]} 0-1

[Event "Maria Albulet Memorial 2017"]
[Site "Braila"]
[Date "2017.10.08"]
[Round "2"]
[White "Patru, Alexandra-Ioana"]
[Black "Vorniceanu, Alina"]
[Result "0-1"]
[WhiteElo "1623"]
[BlackElo "1498"]
[Annotator "NA"]
[PlyCount "74"]
[EventDate "2017.??.??"]
[EventCountry "ROU"]
[SourceTitle "playchess.com"]
[Source "ChessBase"]
[SourceQuality "1"]
[TimeControl "40/5400+30:900+30"]

1. d4 {[%emt 0:00:00]} Nf6 {[%emt 0:04:25]} 2. Nf3 {[%emt 0:00:00]} c5 {[%emt 0:00:07]} 3. e3 {[%emt 0:00:00]} cxd4 {[%emt 0:00:24]} 4. exd4 {[%emt 0:00:01]} d5 {[%emt 0:00:36]} 5. Bd3 {[%emt 0:00:33]} Bg4 {[%emt 0:00:55]} 6. Nbd2 {[%emt 0:02:40]} e6 {[%emt 0:00:41]} 7. O-O {[%emt 0:03:56]} Bd6 {[%emt 0:02:23]} 8. c3 {[%emt 0:08:42]} O-O {[%emt 0:00:48]} 9. Qc2 {[%emt 0:01:38]} Nc6 {[%emt 0:02:59]} 10. Re1 {[%emt 0:07:35]} Rc8 {[%emt 0:00:32]} 11. a3 {[%emt 0:01:37]} a6 {[%emt 0:09:47]} 12. b3 {[%emt 0:12:17]} Qc7 {[%emt 0:25:35]} 13. h3 {[%emt 0:24:08]} Bf5 {[%emt 0:01:13]} 14. Bxf5 {[%emt 0:02:25]} exf5 {[%emt 0:00:08]} 15. Bb2 {[%emt 0:01:53]} Ne4 {[%emt 0:01:06]} 16. c4 {[%emt 0:02:45]} Ne7 {[%emt 0:12:08]} 17. Qd3 {[%emt 0:08:47]} dxc4 {[%emt 0:14:02]} 18. bxc4 {[%emt 0:02:16]} Nxd2 {[%emt 0:00:43]} 19. Nxd2 {[%emt 0:00:15]} Rfe8 {[%emt 0:02:51]} 20. d5 {[%emt 0:01:32]} b5 {[%emt 0:04:22]} 21. Rac1 {[%emt 0:04:16]} Qb7 {[%emt 0:01:32]} 22. Qd4 {[%emt 0:05:59]} f6 {[%emt 0:00:29]} 23. c5 {[%emt 0:03:26]} Be5 {[%emt 0:01:12]} 24. c6 {[%emt 0:02:08]} Qc7 {[%emt 0:03:40]} 25. Rxe5 {[%emt 0:01:41]} fxe5 {[%emt 0:01:19]} 26. Qc5 {[%emt 0:01:02]} Red8 {[%emt 0:01:06]} 27. Re1 {[%emt 0:00:52]} Rxd5 {[%emt 0:01:57]} 28. Qe3 {[%emt 0:00:05]} Nxc6 {[%emt 0:02:05]} 29. Nf3 {[%emt 0:00:22]} Re8 {[%emt 0:00:46]} 30. Qg5 {[%emt 0:00:21]} e4 {[%emt 0:01:13]} 31. Nh4 {[%emt 0:00:19]} Qe7 {[%emt 0:01:29]} 32. Qg3 {[%emt 0:00:25]} Rf8 {[%emt 0:01:13]} 33. Kh1 {[%emt 0:01:03]} Rd3 {[%emt 0:01:05]} 34. f3 {[%emt 0:00:36]} Na5 {[%emt 0:01:44]} 35. Nxf5 {[%emt 0:00:58]} Rxf5 {[%emt 0:00:17]} 36. Rxe4 {[%emt 0:00:09]} Qd7 {[%emt 0:01:05]} 37. Re8+ {[%emt 0:01:02]} Kf7 {[%emt 0:00:26]} 0-1